000 01028nam a2200193 a 4500
008 080109s1976 ||||||||||||||||| || u
050 _aHD 31 Org
100 _aPugh, Derek Solmon
245 1 0 _aOrganisation theory: selected readings
_cedited by D.S. Pugh
260 _aHarmondsworth, Mid.:
_bPenguin
_c1976
300 _a382p. : ill.
350 _a0.00
650 0 _aMANAGEMENT
650 _aORGANIZATIONAL THEORY
995 _D0.00
_FCBU-MAIN LIBRARY (Kitwe)
_H3
_I1.10
_M3
_UDAMAGED
_ZMain Library Open Access Collection
995 _D0.00
_FCBU-MAIN LIBRARY (Kitwe)
_H1
_I1.10
_M1
_ULOST
_ZMain Library Open Access Collection
995 _D0.00
_FCBU-MAIN LIBRARY (Kitwe)
_H4
_I1.10
_M4
_ULOST
_ZMain Library Open Access Collection
995 _D0.00
_FCBU-MAIN LIBRARY (Kitwe)
_H2
_I1.10
_M2
_ULOST
_ZMain Library Open Access Collection
999 _c81649
_d81649